| Tag |
First Indicator |
Second Indicator |
Subfields |
| LEADER |
00000cam a2200000 a 4500 |
| 001 |
in00000533521 |
| 005 |
20151013170501.0 |
| 008 |
820203s1983 nyua b 10100 eng |
| 010 |
|
|
|a 82000791
|
| 020 |
|
|
|a 0312234392 :
|c $32.50
|
| 035 |
|
|
|a (OCoLC)08195429
|
| 035 |
|
|
|9 ACH1136AM
|
| 039 |
0 |
|
|a 2
|b 3
|c 3
|d 3
|e 3
|
| 040 |
|
|
|a DLC
|c DLC
|d TXA
|d UtOrBLW
|
| 049 |
|
|
|a TXAM
|c [987839]
|
| 050 |
0 |
0 |
|a HE11
|b .E25 1982
|
| 082 |
0 |
|
|a 380.5
|2 19
|
| 090 |
|
|
|a HE11
|b .E25 1983
|
| 245 |
0 |
4 |
|a The Economics of long-distance transportation :
|b proceedings of a conference held by the International Economic Association in Moscow /
|c edited by T.S. Khachaturov and P.B. Goodwin, assisted by S.M. Carpenter.
|
| 264 |
|
1 |
|a New York :
|b St. Martin's Press,
|c 1983.
|
| 300 |
|
|
|a xvi, 387 pages :
|b illustrations ;
|c 23 cm.
|
| 336 |
|
|
|a text
|b txt
|2 rdacontent
|
| 337 |
|
|
|a unmediated
|b n
|2 rdamedia
|
| 338 |
|
|
|a volume
|b nc
|2 rdacarrier
|
| 504 |
|
|
|a Includes bibliographies and index.
|
| 650 |
|
0 |
|a Transportation
|v Congresses.
|
| 700 |
1 |
|
|a Khachaturov, T. S.
|q (Tigran Sergeevich),
|d 1906-1989.
|
| 700 |
1 |
|
|a Goodwin, P. B.
|
| 700 |
1 |
|
|a Carpenter, S. M.
|
| 710 |
2 |
|
|a International Economic Association.
|
| 999 |
|
|
|a MARS
|
| 999 |
f |
f |
|s b24ac4ca-da70-3c29-8251-78c20748e238
|i 29a185fd-ac69-32ae-b72a-aa9050c50f9f
|t 0
|
| 952 |
f |
f |
|p ric
|a Texas A&M University
|b Rellis Campus
|c Joint Library Facility
|d Remote Storage
|t 0
|e HE11 .E25 1983
|h Library of Congress classification
|i unmediated -- volume
|m A14808760978
|
| 998 |
f |
f |
|a HE11 .E25 1983
|t 0
|l Remote Storage
|